00630nam a22001935i 4500001000700000003000900007005001700016008004100033040002000074100001100094245005500105260010200160300002200262490002300284650004300307752002700350830002300377852003600400168090ES-MaACL20260209164132.0990922s1887 sp |||| | spa d aCYL bspa cCYL0 aYusuf.1 aDe la guerra en África / cpor el General Yusuf. aBarcelona : bRevista Científico-Militar y Biblioteca Militar, c1887 (fImprenta de F. Giró) a122 p. ; c17 cm.1 aBiblioteca militar 7aÁfrica-xHistoria militar-yS. XIX2 aEspaña - dBarcelona0 aBiblioteca militar aES-MaACLjG-9921 z-- Enc. hol.